| 000 | 00423nam a22001697a 4500 | ||
|---|---|---|---|
| 999 |
_c2647 _d2646 |
||
| 005 | 20210831120330.0 | ||
| 008 | 160614b xxu||||| |||| 00| 0 eng d | ||
| 020 | _a81-259-1651-2 | ||
| 041 | _aeng | ||
| 082 |
_b7433 _a330 |
||
| 100 |
_aDwivedi, D.N. _9314 |
||
| 245 | _aPrinciples of Economics | ||
| 260 |
_aNew Delhi _bVikas Publishing House (P) Ltd. _c2008 |
||
| 300 | _a627 | ||
| 650 |
_aManagement _9241 |
||
| 942 | _cBK | ||